Autobahnen Deutschland - Statistiken

Allgemein
  • Dieses Quiz wurde 611 mal gespielt
  • Das Durchschnittsergebnis liegt bei 12 aus 15
Antwortstatistiken
Start Ende Antwort % Korrekt
Heiligenhafen Blankenheim A1
99%
Görlitz Kirchheimer Dreieck A4
99%
Flensburg Füssen A7
98%
Autobahn Dreieck Potsdam München A9
98%
Oberhausen Autobahn Dreieck Werder A2
97%
Emmerich Passau A3
97%
Hattenbacher Dreieck Basel A5
96%
Karlsruhe München A8
96%
Saarbrücken Waidhaus A6
94%
Lübbenau Forst A15
62%
Dresden Prag A17
62%
Cuxhaven Walsrode A27
61%
Münster Wuppertal A43
58%
Hof Rötha A72
57%
Würzburg Gottmadingen A81
57%
Keine übereinstimmenden Quizze gefunden
Verteilung der Resultate
Anzahl Personen mit jedem Resultat
Perzentil nach korrekt beantworteten Fragen
Ihre Resultats-Entwicklung
Sie haben dieses Quiz noch nicht gespielt